| 000 | 00604nam a2200193 a 4500 | ||
|---|---|---|---|
| 005 | 20140310183554.0 | ||
| 008 | 111017s19uu xx 00 eng d | ||
| 020 | _a9780470401347 | ||
| 050 |
_aLC 151 _b.B719 2009 |
||
| 100 | _aBrandt, Deborah | ||
| 245 |
_aLiteracy and learning : _breflections on writing, reading and society / _cDeborah Brandt. |
||
| 260 |
_aSan Francisco, California : _bJossey-Bass, _c2009. |
||
| 300 |
_a205 p. : _c22 cm. |
||
| 521 | _aEDU | ||
| 650 |
_aLiteracy _xUnited States |
||
| 650 |
_aLiteracy _xSocial aspects _xUnited States |
||
| 942 |
_cBK _2lcc _kFOR |
||
| 999 |
_c25000 _d25000 |
||